Les préfectures des 5 départements de la région Pays de la Loire - Statistiques

Statistiques générales
  • Ce quiz a été pris 91 fois
  • Le résultat moyen est 5 sur 5
Statistiques - réponses
Département Préfecture % Correct
44 Nantes
99%
49 Angers
94%
53 Laval
92%
72 Le Mans
92%
85 La Roche-sur-Yon
85%
Aucun quiz correspondant
Distribution des résultats
% des personnes avec chaque résultat
Percentile par nombre de réponses
Votre historique - résultats
Vous n’avez pas pris ce quiz